000 01165nam a2200301Ia 4500
001 Z_2556
003 CHAP
008 220113s1988 xx 000 0 und d
010 _a165615
020 _a84-282-0645-7 (obra completa) \ 84-282-0646-5 (tomo I) \ 84-282-0647-3 (tomo II) \ 84-282-0700-3 (tomo III) \ 84-282-0701-1 (tomo IV)
040 _cCHAP
082 _a574.876 B4y
100 _aBerkaloff, Andre
_911810
245 _aBiología y fisiología celular /
_cAndre Berkaloff... [et al.]
260 _aBarcelona :
_bOmega,
_c1988
300 _a4 tomos
500 _aTrad. De : Biologie et fisiologie cellulaires, ed. Rev. De 198? Contenido : v. 1 Membrana plasmática, etc. -- v. 2 Aparato de Golgi, Lisosomas, Mitocondilos, células y virus -- v. 3 Cloroplastos, Peroxisomas, división celular -- v. 4 Cromosomas, nucle
503 _aej.1 tomo 1: 160626 \ ej.1 tomo 2: 160627 \ ej.1 tomo 3: 160628 \ ej.1 tomo 4: 160629
650 _aCitología
_923489
650 _aCromosomas
_929152
650 _aMembranas (Biología)
_974496
901 _a574.876 B4Y
902 _aM
910 _a1988
942 _c1
942 _cc1
999 _c165615
_d165615